000
00325nam a22001457a 4500
020
_a
978-8121910774
041
_a
ENG
100
_a
Khurmi .R.S
245
_a
Applid Mechanics And Strength Of Materials
250
_a
First ED
260
_a
Delhi
_b
S.Chand &Company LTD
_c
1977
300
_a
569
650
_a
FS
856
_u
FS
999
_c
312
_d
312